Statistics for 50 random Countries ending on specific letters

Click here to take the quiz!

General Stats

  • This quiz has been taken 210 times
  • The average score is 32 of 50

Answer Stats

HintAnswer% Correct
UDAAntigua and Barbuda
100%
TINAArgentina
100%
RALIAAustralia
100%
TRIAAustria
100%
NINBenin
100%
UTANBhutan
100%
WANABotswana
100%
OONCameroon
100%
ANADACanada
100%
(C)MBIAColombia
100%
TONIAEstonia
100%
(G)NEAGuinea
100%
ITIHaiti
100%
(IR)NDIreland
100%
(KA)STANKazakhstan
100%
NYAKenya
100%
AOSLaos
100%
YSIAMalaysia
100%
CCOMorocco
100%
IGERIANigeria
100%
LAUPalau
100%
(P)NEAPapua New Guinea
100%
ERUPeru
100%
UGALPortugal
100%
ZANIATanzania
100%
OGOTogo
100%
(U)UAYUruguay
100%
TUVanuatu
100%
FRICASouth Africa
92%
(N)OREANorth Korea
90%
WAYNorway
90%
MENYemen
90%
(P)UAYParaguay
89%
(T)NDThailand
89%
PRUSCyprus
88%
(I)ESIAIndonesia
88%
RANIran
88%
(R)GORepublic of the Congo
88%
(TU)STANTurkmenistan
88%
(U)STANUzbekistan
88%
RAINBahrain
86%
IVIABolivia
86%
(D)GODemocratic Republic of the Congo
86%
BYALibya
86%
UANIALithuania
86%
SSIARussia
86%
(SO)UDANSouth Sudan
86%
BANIAAlbania
83%
LGERIAAlgeria
83%
ECEGreece
83%
(TA)STANTajikistan
83%
WEZimbabwe
83%
(KY)STANKyrgyzstan
80%
TANIAMauritania
80%
(P)NDPoland
80%
(U)NDAUganda
80%
MENIAArmenia
78%
A RICACosta Rica
78%
(G)MBIAGambia
78%
CARMadagascar
78%
ABIASaudi Arabia
78%
WANTaiwan
77%
ARUSBelarus
75%
ODIACambodia
75%
ROSComoros
75%
(D)LICDominican Republic
75%
JIFiji
75%
(F)NDFinland
75%
NCEFrance
75%
ENADAGrenada
75%
QIraq
75%
AICAJamaica
75%
NONLebanon
75%
LIMali
75%
(M)DSMarshall Islands
75%
ROMontenegro
75%
(N)NDNew Zealand
75%
(P)STANPakistan
75%
EGALSenegal
75%
RBIASerbia
75%
MALIASomalia
75%
AGOTrinidad and Tobago
75%
(Z)MBIAZambia
75%
HINAChina
71%
TIACroatia
71%
HANAGhana
71%
(IC)NDIceland
71%
RDANJordan
71%
DONIAMacedonia
71%
WIMalawi
71%
OLIAMongolia
71%
OASamoa
71%
(S)DSSolomon Islands
71%
(S)OREASouth Korea
71%
ISIATunisia
71%
ERICAUnited States of America
71%
VADOREl Salvador
70%
ILBrazil
67%
KDenmark
67%
VOKosovo
67%
VESMaldives
67%
PINESPhilippines
67%
(R)NDARwanda
67%
PAINSpain
67%
MOREast Timor
64%
(A)STANAfghanistan
60%
DOSBarbados
60%
DECape Verde
60%
LEChile
60%
UADOREcuador
60%
TREAEritrea
60%
SAUGuinea-Bissau
60%
RYHungary
60%
ELIsrael
60%
LYItaly
60%
ATIKiribati
60%
BERIALiberia
60%
ICOMexico
60%
VAMoldova
60%
IBIANamibia
60%
PALNepal
60%
KIASlovakia
60%
EIBrunei
57%
UTIDjibouti
57%
YANAGuyana
57%
PANJapan
57%
ITKuwait
57%
HOLesotho
57%
ACOMonaco
57%
URUNauru
57%
(N)DSNetherlands
57%
DENSweden
57%
BACuba
56%
IUSMauritius
56%
UEMozambique
56%
MARMyanmar
56%
MANIARomania
56%
NIEswatini
55%
JANAzerbaijan
50%
HBangladesh
50%
UMBelgium
50%
ADChad
50%
NICADominica
50%
PTEgypt
50%
(E)NEAEquatorial Guinea
50%
BONGabon
50%
NDIAIndia
50%
TVIALatvia
50%
EINLiechtenstein
50%
TAMalta
50%
MANOman
50%
VENIASlovenia
50%
LUTuvalu
50%
ARIABulgaria
44%
DIBurundi
43%
PIAEthiopia
43%
GIAGeorgia
43%
UANicaragua
43%
LESSeychelles
43%
MESuriname
43%
ELAVenezuela
43%
ZEBelize
40%
MAPanama
40%
PESao Tome and Principe
40%
ONESierra Leone
40%
GATonga
40%
VINABosnia and Herzegovina
38%
(S)NDSwitzerland
38%
OLAAngola
36%
INEUkraine
36%
MASBahamas
33%
NYGermany
33%
RASHonduras
33%
ISSaint Kitts and Nevis
33%
OMUnited Kingdom
30%
(C)LICCentral African Republic
29%
(M)ESIAMicronesia
25%
TARQatar
25%
AMVietnam
25%
ALAGuatemala
20%
ERNiger
20%
CIASaint Lucia
20%
DINESSaint Vincent and the Grenadines
20%
NOSan Marino
20%
RESingapore
20%
KASri Lanka
20%
SOBurkina Faso
17%
GLuxembourg
17%
YETürkiye
17%
TYVatican City
14%
TESUnited Arab Emirates
13%
RAAndorra
0%
HIACzechia
0%
STIvory Coast
0%
YRIASyria
0%

Score Distribution

Percentile by Number Answered

Percent of People with Each Score

Your Score History

You have not taken this quiz